00417nam a22001457a 450000500170000001000130001702000230003003500130005303700350006608200100010124500690011126000520018030000220023270000170025420181206154051.0 aB-029857 a8173411808c395.00 aB-029857 bIndian Publishers Distributors a370.7 aNew researches in sociology of education/cedited by S.P. Ruhela aNew DelhibIndian Publishers Distributorsc2001 a234p.c24cm(Pbk.) aRuhela, S.P.